000 00461nam a22001697a 4500
003 NUST - PNEC
005 20170116181000.0
008 150912b xxu||||| |||| 00| 0 eng d
020 _a-
040 _cLIBRARY
082 _a621.38 KLE
100 _99445
_aKlewe, H. R. J.
245 _aInterference between power systems & telecommunication lines
_cH. R. J. Klewe
260 _cc.1958
650 _99449
_aTelecommunication lines
_xMIS, EE
942 _2ddc
_cBK
999 _c66662
_d66662